Statistics for Countries With The Most Amount of Poverty

Click here to take the quiz!

General Stats

  • This quiz has been taken 8 times
  • The average score is 10 of 17

Answer Stats

Rank (1 being most amount of poverty)Population Above Poverty Line (%)Country% Correct
1063%Democratic Republic of The Congo
100%
570%Nigeria
83%
866%South Sudan
83%
964.6%Burundi
67%
1162%Central African Republic
67%
667%Guinea-Bissau
67%
1358.5%Haiti
67%
182.5%Syria
67%
1555.1%Togo
67%
272.3%Zimbabwe
67%
1457%Lesotho
50%
370.7%Madagascar
50%
470.2%Sierra Leone
50%
1063%Swaziland
50%
766.2%Sao Tome and Principe
33%
570%Suriname
17%
1259.3%Guatemala
0%

Score Distribution

Percentile by Number Answered

Percent of People with Each Score

Your Score History

You have not taken this quiz